000 00443nam a2200193Ia 4500
005 20240823050539.0
008 240823s9999||||xx |||||||||||||| ||und||
020 _a978-81-8382-222-0
041 _aENGLISH
082 _A420 Q3
100 _aSneha Yadav
245 0 _aTop School Essays
250 _a1st
260 _c2013
_bLotus
_aNew Dehi -02
500 _aYES
650 _aSchool Essays
_bGeneral
942 _cBK
999 _c217506
_d217506